Освой самостоятельно С++ по одному часу в день (Запись № 12046962)

Подробности
000 -МАРКЕР
контрольное поле 02064nam0a2200385 4500
001 - ИДЕНТИФИКАТОР ЗАПИСИ
контрольное поле RU\NLR\BIBL_A\011511074
005 - ИДЕНТИФИКАТОР ВЕРСИИ
контрольное поле 20250626082526.0
010 ## - МЕЖДУНАРОДНЫЙ СТАНДАРТНЫЙ НОМЕР КНИГИ (ISBN)
Номер (ISBN) 978-5-9909445-6-5
Тираж 400
021 ## - НОМЕР ГОСУДАРСТВЕННОЙ РЕГИСТРАЦИИ
Код страны Российская Федерация
Номер 2017-75752
Номер Листа государственной регистраци 5395
035 ## - ДРУГИЕ СИСТЕМНЫЕ НОМЕРА
Идентификатор записи (RuMoRGB)009413892
035 ## - ДРУГИЕ СИСТЕМНЫЕ НОМЕРА
Идентификатор записи (NLR Aleph) 011511074
100 ## - ДАННЫЕ ОБЩЕЙ ОБРАБОТКИ
Данные общей обработки 20171101d2017 |||y0rusy50 ca
101 1# - ЯЗЫК РЕСУРСА
Язык текста, звукозаписи и т.д. русский
Язык оригинала английский
102 ## - СТРАНА ПУБЛИКАЦИИ ИЛИ ПРОИЗВОДСТВА
Страна публикации Российская Федерация
105 ## - ПОЛЕ КОДИРОВАННЫХ ДАННЫХ: ТЕКСТОВЫЕ МАТЕРИАЛЫ, МОНОГРАФИЧЕСКИЕ
Кодированные данные о монографическом текстовом документе y z 001zy
200 1# - ЗАГЛАВИЕ И СВЕДЕНИЯ ОБ ОТВЕТСТВЕННОСТИ
Основное заглавие Освой самостоятельно С++ по одному часу в день
Сведения, относящиеся к заглавию [описан С++14 и С++17]
Первые сведения об ответственности Сиддхартха Рао
Последующие сведения об ответственности [перевод с английского и редакция канд. техн. наук И. В. Красикова]
205 ## - СВЕДЕНИЯ ОБ ИЗДАНИИ
Сведения об издании 8-е изд.
210 ## - ПУБЛИКАЦИЯ, РАСПРОСТРАНЕНИЕ И ДР.
Место издания, распространения и т.д. Москва [и др.]
Имя издателя, распространителя и т. д. Диалектика
-- Альфа-книга
Дата издания, распространения и т.д. 2017
215 ## - ФИЗИЧЕСКАЯ ХАРАКТЕРИСТИКА
Специфическое обозначение материала и объем 751 с.
Другие сведения о физической характеристике ил., табл.
Размеры 24
300 ## - ОБЩИЕ ПРИМЕЧАНИЯ
Текст примечания Загл. и авт. ориг.: Sams teach yourself C++ in one hour a day / Siddhartha Rao
313 ## - ПРИМЕЧАНИЯ, ОТНОСЯЩИЕСЯ К ТЕМАТИЧЕСКОМУ ДОСТУПУ
Текст примечания В книге представлен полный курс обучения программированию с учетом стандарта С++14, С++17
320 ## - ПРИМЕЧАНИЯ О НАЛИЧИИ В ДОКУМЕНТЕ БИБЛИОГРАФИИ / УКАЗАТЕЛЯ
Текст примечания Предм. указ.: с. 747-751
454 #0 - ОРИГИНАЛ (ПЕРЕВОДА)
Встроенное поле 010$a978-0-7897-5774-6
-- 2000#$aSams teach yourself C++ in one hour a day
-- 210##$aIndianapolis$cSAMS$dcop. 2017
-- 700#0$aRao$bS.$gSiddhartha
Заглавие Sams teach yourself C++ in one hour a day
Автор Rao, Siddhartha
606 1# - НАИМЕНОВАНИЕ ТЕМЫ КАК ПРЕДМЕТ
Наименование темы C++ 14, язык программирования
Формальный подзаголовок Учебные издания для самообразования
Системный номер авторитетной/нормативной записи 2319717
Идентификатор авторитетной/нормативной записи RU\NLR\AUTH\6601612815
606 1# - НАИМЕНОВАНИЕ ТЕМЫ КАК ПРЕДМЕТ
Наименование темы C++ 17, язык программирования
Формальный подзаголовок Учебные издания для самообразования
Системный номер авторитетной/нормативной записи 2345349
Идентификатор авторитетной/нормативной записи RU\NLR\AUTH\6601624868
675 ## - УНИВЕРСАЛЬНАЯ ДЕСЯТИЧНАЯ КЛАССИФИКАЦИЯ (UDC/УДК)
Индекс 004.4
686 ## - ИНДЕКСЫ ДРУГИХ КЛАССИФИКАЦИЙ
Индекс З973.26-018.19C++я78-1
Код системы
686 1# - ИНДЕКСЫ ДРУГИХ КЛАССИФИКАЦИЙ
Индекс З973.23-018.1я78
700 #1 - ИМЯ ЛИЦА - ПЕРВИЧНАЯ ОТВЕТСТВЕННОСТЬ
Графика поля Кириллица
Материалы, к которым относится поле rus
Начальный элемент ввода Рао
Часть имени, кроме начального элемента ввода С.
Расширение инициалов личного имени Сиддхартха
Системный номер авторитетной/нормативной записи 152156
Идентификатор авторитетной/нормативной записи RU\NLR\AUTH\770152194
942 ## - ДОПОЛНИТЕЛЬНЫЕ ЭЛЕМЕНТЫ ЗАПИСИ (АБИС)
Тип экземпляра АБИС Книга
980 ## - КОЛЛЕКЦИЯ
Название коллекции НБР
980 ## - КОЛЛЕКЦИЯ
Название коллекции Национальная библиография
Экземпляры
Тип экземпляра Дата поступления Источник поступления Стоимость Библиотека постоянного хранения Библиотека текущего хранения Место хранения Шифр хранения Штрих-код Статус экземпляра
Книга 01.11.2017 Обязательный экземпляр 0.00 РНБ (Московский) РНБ (Московский) Русский книжный фонд: издания с 1957 года 2017-7/5964 1-2030275  
Книга 01.11.2017 Обязательный экземпляр 0.00 РНБ (Московский) РНБ (Московский) Русский книжный фонд: издания с 1957 года 2017-7/5964 1-2030274